000 00279pam a2200133 a 4500
020 _c
041 _h
082 _a658
_bTUR
100 _aTurner,Colin
245 _aLead To Succeed
_hTextual Documents
260 _aNew York
_bTexere
_c2002
300 _aXX/240
930 _a6068
999 _c112896
_d112896